[Event "Int. Championship of Central Serbia - OP"]
[Site "Paracin"]
[Date "2011.07.14"]
[Round "8.30"]
[White "Popovic, Djordje D"]
[Black "Ravic, Nenad"]
[Result "1/2-1/2"]
[WhiteElo "2259"]
[BlackElo "2311"]
[PlyCount "97"]
[EventDate "2011.07.08"]

1. e4 c5 2. Nf3 d6 3. c3 Nf6 4. h3 Bd7 5. Bd3 Bc6 6. Qe2 Nbd7 7. Bc2 Ne5 8. d3
Nxf3+ 9. Qxf3 g6 10. O-O Bg7 11. Nd2 Rc8 12. Qe2 O-O 13. Nf3 Nd7 14. Bb3 Qb6
15. Nd2 Qa6 16. a3 b5 17. Ba2 Qb7 18. Re1 b4 19. axb4 cxb4 20. d4 Nb6 21. Nc4
bxc3 22. bxc3 Na4 23. Bd2 Bb5 24. Reb1 Qc6 25. Qe1 Nxc3 26. Bxc3 Bxc4 27. d5
Qd7 28. Bxg7 Bxa2 29. Rxa2 Kxg7 30. Rba1 Rc7 31. Qe3 Ra8 32. Ra5 f6 33. f4 Kg8
34. Kh2 Rb7 35. R1a3 Qc7 36. Qd4 Kf7 37. Ra6 Qc1 38. e5 Rb1 39. exf6 Qh1+ 40.
Kg3 Qe1+ 41. Kh2 Qh1+ 42. Kg3 Qe1+ 43. Kh2 h5 44. fxe7 Qh1+ 45. Kg3 Qe1+ 46.
Kh2 Qh1+ 47. Kg3 Qe1+ 48. Kh2 Qh1+ 49. Kg3 1/2-1/2

[Event "Int. Championship of Central Serbia - OP"]
[Site "Paracin"]
[Date "2011.07.14"]
[Round "8.31"]
[White "Ratkovic, Miloje"]
[Black "Pantelic, Sasa"]
[Result "0-1"]
[WhiteElo "2132"]
[BlackElo "2364"]
[PlyCount "78"]
[EventDate "2011.07.08"]

1. d4 Nf6 2. Nf3 g6 3. Nc3 c5 4. d5 Bg7 5. e4 d6 6. Be2 Bg4 7. O-O O-O 8. Bf4
Bxf3 9. Bxf3 Nbd7 10. Qd2 a6 11. a4 Ne8 12. Bh6 Bxh6 13. Qxh6 e5 14. dxe6 fxe6
15. Bg4 Qe7 16. f4 Nef6 17. Be2 d5 18. exd5 exd5 19. Bf3 Qf7 20. f5 gxf5 21.
Qg5+ Qg6 22. Qf4 d4 23. Nd5 Nxd5 24. Bxd5+ Kh8 25. Bxb7 Ra7 26. Bd5 Nb6 27. Bf3
Nc4 28. b4 Qb6 29. c3 cxb4 30. cxd4 Rd7 31. Rfd1 b3 32. Be2 b2 33. Rab1 Na3 34.
Qe5+ Rg7 35. a5 Qb7 36. Bf3 Qb4 37. Qc5 Rb8 38. Qxb4 Rxb4 39. d5 Nxb1 0-1

[Event "Int. Championship of Central Serbia - OP"]
[Site "Paracin"]
[Date "2011.07.14"]
[Round "8.32"]
[White "Tosic, Srecko"]
[Black "Gajovic, Dragan"]
[Result "1-0"]
[WhiteElo "2342"]
[BlackElo "2121"]
[PlyCount "83"]
[EventDate "2011.07.08"]

1. e4 d6 2. d4 e5 3. Nf3 exd4 4. Nxd4 Nf6 5. Nc3 c5 6. Bb5+ Bd7 7. Bxd7+ Qxd7
8. Nde2 Nc6 9. O-O g6 10. Bf4 O-O-O 11. f3 h6 12. Qe1 g5 13. Bg3 Bg7 14. Rd1
Ne8 15. Nb5 Qe6 16. Nbc3 f5 17. exf5 Qxf5 18. Ne4 Nb4 19. c3 Nd5 20. Qf2 Nf4
21. Rd2 Be5 22. Rfd1 b6 23. b4 Nf6 24. Nxf4 Bxf4 25. Nxd6+ Bxd6 26. Bxd6 cxb4
27. cxb4 Rh7 28. Qe2 Kb7 29. Bg3 Rhd7 30. Rxd7+ Rxd7 31. Rxd7+ Nxd7 32. Qd2 Nf6
33. h3 Nd5 34. Kh2 h5 35. h4 gxh4 36. Bxh4 Kc6 37. a4 Qe5+ 38. Bg3 Qf5 39. Qh6+
Kb7 40. b5 a5 41. Qc6+ Ka7 42. Qd6 1-0

[Event "Int. Championship of Central Serbia - OP"]
[Site "Paracin"]
[Date "2011.07.14"]
[Round "8.33"]
[White "Popovic, Aleksandar M"]
[Black "Markoja, Sebastijan"]
[Result "1-0"]
[WhiteElo "2321"]
[BlackElo "1923"]
[PlyCount "73"]
[EventDate "2011.07.08"]

1. e4 c5 2. Nf3 d6 3. g3 Nc6 4. Bg2 g6 5. O-O Bg7 6. c3 e5 7. Na3 Nge7 8. Rb1
Be6 9. b3 O-O 10. Qe2 h6 11. d4 cxd4 12. cxd4 Bg4 13. dxe5 dxe5 14. Nc2 Qc7 15.
Ba3 Rfd8 16. Rfc1 h5 17. h3 Bxf3 18. Qxf3 Bh6 19. Ne3 Rac8 20. Qf6 Bg7 21. Qh4
Bh6 22. Rc3 Qd7 23. g4 Bxe3 24. Rxe3 hxg4 25. Qh6 Qe8 26. hxg4 Qf8 27. Qh4 f6
28. g5 f5 29. Bf1 Qg7 30. Bc4+ Kf8 31. Rh3 Rd7 32. f3 Rcd8 33. Qh6 a6 34. exf5
gxf5 35. Qf6+ Qxf6 36. gxf6 b5 37. Rh8# 1-0

[Event "Int. Championship of Central Serbia - OP"]
[Site "Paracin"]
[Date "2011.07.14"]
[Round "8.34"]
[White "Bojovic, Dusan"]
[Black "Grbic, Branko"]
[Result "1/2-1/2"]
[WhiteElo "2320"]
[BlackElo "1922"]
[PlyCount "97"]
[EventDate "2011.07.08"]

1. e4 c5 2. Nf3 e6 3. d4 cxd4 4. Nxd4 a6 5. g3 Nf6 6. Bg2 Qc7 7. O-O d6 8. Nc3
Be7 9. Be3 Bd7 10. f4 O-O 11. a4 Nc6 12. Nb3 Na5 13. Nxa5 Qxa5 14. h3 Bc6 15.
Qd2 Rfd8 16. Rad1 Rac8 17. g4 Qc7 18. g5 Nd7 19. Qf2 b5 20. axb5 axb5 21. b4
Rb8 22. Ra1 Ra8 23. h4 f5 24. Rxa8 Bxa8 25. Nxb5 Qc4 26. Nd4 Bxe4 27. Bxe4 fxe4
28. Qg2 e5 29. Nf5 Bf8 30. Rd1 Qxb4 31. Qd2 Qa3 32. Qd5+ Kh8 33. Qxe4 exf4 34.
Bd4 Qa8 35. Qxf4 Ne5 36. Bb2 Qa7+ 37. Bd4 Qa8 38. Nh6 Re8 39. Bxe5 dxe5 40.
Nf7+ Kg8 41. Nxe5 Qa7+ 42. Kg2 Qc7 43. Qc4+ Qxc4 44. Nxc4 Re2+ 45. Kf3 Rxc2 46.
Ne5 Rc8 47. Rd7 Ba3 48. h5 Bb2 49. Ng4 1/2-1/2

[Event "Int. Championship of Central Serbia - OP"]
[Site "Paracin"]
[Date "2011.07.14"]
[Round "8.35"]
[White "Marjanovic, Dejan"]
[Black "Sarenac, Ivan"]
[Result "1/2-1/2"]
[WhiteElo "2153"]
[BlackElo "2315"]
[PlyCount "147"]
[EventDate "2011.07.08"]

1. e4 e5 2. Nc3 Nf6 3. g3 c6 4. Nge2 d5 5. exd5 cxd5 6. d4 e4 7. Bg5 Be7 8. Nf4
Be6 9. Nxe6 fxe6 10. Bxf6 Bxf6 11. Qg4 Qb6 12. Bh3 Kf7 13. O-O-O h5 14. Qf4 g5
15. Qe3 Nc6 16. Ne2 Rac8 17. Kb1 Na5 18. Bg2 Qc6 19. c3 Nc4 20. Qc1 Ke7 21. b3
Nd6 22. f3 exf3 23. Bxf3 Kd7 24. Rhf1 Be7 25. Qd2 b5 26. Kb2 Qa6 27. Nc1 Qa3+
28. Ka1 b4 29. cxb4 Nc4 30. Qe2 Bxb4 31. Kb1 Nd6 32. Nd3 g4 33. Bg2 Rhe8 34.
Rc1 Rxc1+ 35. Rxc1 Nf7 36. Qc2 Bd6 37. Qc6+ Ke7 38. Re1 Kf8 39. Bxd5 Qa5 40.
Rxe6 Rxe6 41. Bxe6 Qd2 42. Qc2 Qxc2+ 43. Kxc2 Ng5 44. Bd5 Nh7 45. Nf2 Nf6 46.
Be6 Ke7 47. Bf5 h4 48. gxh4 g3 49. hxg3 Bxg3 50. Nd3 Bxh4 51. Bh3 Nd5 52. Ne5
Kd6 53. Nc4+ Kc7 54. a3 Bf2 55. Be6 Kc6 56. Ne5+ Kd6 57. Bxd5 Kxd5 58. Kd3 Bxd4
59. Nc4 Bf6 60. b4 Kc6 61. Ne3 Kb5 62. Kc2 a5 63. Kb3 axb4 64. a4+ Kc5 65. Nc2
Bc3 66. Ne3 Bd2 67. Nc4 Bc3 68. Ne3 Bd2 69. Nd1 Bc3 70. Nf2 Kd5 71. Nd3 Bd2 72.
Nb2 Bc3 73. Nc4 Kc5 74. Ne3 1/2-1/2

[Event "Int. Championship of Central Serbia - OP"]
[Site "Paracin"]
[Date "2011.07.14"]
[Round "8.36"]
[White "Milosevic, Rade"]
[Black "Livaja, Mario"]
[Result "1-0"]
[WhiteElo "2105"]
[BlackElo "2267"]
[PlyCount "79"]
[EventDate "2011.07.08"]

1. Nf3 Nf6 2. c4 g6 3. Nc3 Bg7 4. g3 O-O 5. Bg2 d6 6. O-O e5 7. d4 Nfd7 8. dxe5
Nxe5 9. Nxe5 Bxe5 10. Qd3 Nd7 11. Be3 Bg7 12. b3 Ne5 13. Qd2 Re8 14. h3 a5 15.
Rac1 Nc6 16. Rfd1 Be6 17. Kh2 Qe7 18. Nd5 Bxd5 19. cxd5 Nb4 20. Rc4 Na6 21.
Qxa5 h5 22. h4 f5 23. Qd2 b5 24. Rc2 Be5 25. Bf4 Bg7 26. Bf3 b4 27. Rc4 Bc3 28.
Qc2 Qf6 29. a4 Ra7 30. e4 fxe4 31. Rxe4 Raa8 32. Bg2 Rxe4 33. Qxe4 Nc5 34. Qc4
Re8 35. Be3 Qf8 36. Bxc5 dxc5 37. d6+ Kh7 38. dxc7 Bd4 39. f4 Qe7 40. Rxd4 1-0

[Event "Int. Championship of Central Serbia - OP"]
[Site "Paracin"]
[Date "2011.07.14"]
[Round "8.37"]
[White "Markoja, Boris"]
[Black "Steiner, Bruno"]
[Result "1-0"]
[WhiteElo "1944"]
[BlackElo "2207"]
[PlyCount "181"]
[EventDate "2011.07.08"]

1. e4 e5 2. Nf3 Nc6 3. Bc4 Bc5 4. c3 Nf6 5. d3 d6 6. O-O O-O 7. Bb3 Qe7 8. Nbd2
Kh8 9. h3 Ng8 10. Re1 f5 11. exf5 Bxf5 12. d4 Bb6 13. Nc4 Qf6 14. Nxb6 axb6 15.
dxe5 dxe5 16. Kh2 Bg6 17. Qd7 Bh5 18. Ng5 Qxf2 19. Be3 Nf6 20. Qxg7+ Kxg7 21.
Ne6+ Kh8 22. Bxf2 Rf7 23. Bh4 Na5 24. Bc2 Ne8 25. Rxe5 Bg6 26. Bxg6 hxg6 27.
Re2 Nd6 28. Bg3 Re8 29. Rae1 Nf5 30. Be5+ Kg8 31. Bxc7 Nc4 32. Bg3 Rfe7 33. Nf4
Nce3 34. Bf2 g5 35. Nh5 Kf7 36. Bxe3 Nxe3 37. Ng3 Kg6 38. Kg1 Re5 39. Nf1 Nc4
40. Rxe5 Rxe5 41. Rxe5 Nxe5 42. Ne3 Nd3 43. Nc4 b5 44. Nd6 Nxb2 45. Nxb5 Kf6
46. Kf2 Ke5 47. Kf3 Kd5 48. g3 b6 49. Na3 Na4 50. Nb1 Kc4 51. h4 gxh4 52. gxh4
Kd3 53. h5 Nc5 54. h6 Ne6 55. Kg4 Nf8 56. Kf5 Kc2 57. Na3+ Kxc3 58. Kf6 Kb4 59.
Nb1 Ka4 60. Ke7 Ng6+ 61. Kd6 b5 62. Kc5 b4 63. Kc4 Nf8 64. Kd3 Nh7 65. Kc2 Ng5
66. Kb2 Nh7 67. Nd2 Ng5 68. Ne4 Nh7 69. Nc5+ Kb5 70. Ne6 Ka4 71. Nd4 Ng5 72.
Kb1 Ka3 73. Ka1 Nh7 74. Nc2+ Ka4 75. Kb2 Ng5 76. Nd4 Nh7 77. Ne6 Kb5 78. Kb3
Ka5 79. Nd4 Ng5 80. Nc6+ Kb5 81. Nxb4 Ka5 82. a4 Nh7 83. Nc6+ Kb6 84. Ne5 Ka5
85. Nc4+ Ka6 86. Kb4 Ng5 87. Nd6 Nh7 88. Ne4 Kb6 89. a5+ Ka6 90. Nc5+ Ka7 91.
Kb5 1-0

[Event "Int. Championship of Central Serbia - OP"]
[Site "Paracin"]
[Date "2011.07.14"]
[Round "8.39"]
[White "Rodic, Dragan"]
[Black "Mladenovic, Stefan"]
[Result "1/2-1/2"]
[WhiteElo "2063"]
[BlackElo "2161"]
[PlyCount "119"]
[EventDate "2011.07.08"]

1. d4 Nf6 2. c4 e6 3. Nf3 b6 4. g3 Ba6 5. Qc2 Bb4+ 6. Bd2 Be7 7. Bg2 c6 8. O-O
d5 9. b3 Nbd7 10. Bc1 Rc8 11. cxd5 cxd5 12. Qd1 Qc7 13. Nbd2 Qc3 14. Rb1 Qc2
15. Bb2 Qxd1 16. Rfxd1 Bxe2 17. Rdc1 O-O 18. Bf1 Bxf1 19. Kxf1 b5 20. a3 a5 21.
Ne1 Nb6 22. Nd3 Nfd7 23. f4 Rxc1+ 24. Rxc1 Rc8 25. Rxc8+ Nxc8 26. Ke2 Ncb6 27.
Nb1 b4 28. axb4 axb4 29. Bc1 Nb8 30. Nd2 Nc6 31. Nf3 Nc8 32. Bd2 N8a7 33. Nde1
Na5 34. Nc2 Nxb3 35. Bxb4 Bxb4 36. Nxb4 Nb5 37. Ke3 Nd6 38. g4 Na5 39. h3 Nac4+
40. Ke2 f6 41. Nh4 Nb6 42. Ng2 Kf7 43. Ne3 g6 44. h4 h5 45. gxh5 gxh5 46. f5 e5
47. Nc6 Ndc4 48. Nf1 Nc8 49. Ng3 N8d6 50. Nb4 Nb6 51. Nc6 e4 52. Ke3 Nbc4+ 53.
Ke2 Na3 54. Nb4 Nab5 55. Ke3 Nc4+ 56. Kf4 Nc3 57. Nc2 Nd2 58. Nxh5 Nf3 59. Kg4
Ne2 60. Ne3 1/2-1/2

[Event "Int. Championship of Central Serbia - OP"]
[Site "Paracin"]
[Date "2011.07.14"]
[Round "8.40"]
[White "Jovanovic, Bojan P"]
[Black "Todorovic, Nenad I"]
[Result "1-0"]
[WhiteElo "2222"]
[BlackElo "1884"]
[PlyCount "139"]
[EventDate "2011.07.08"]

1. e4 c5 2. c4 Nc6 3. Nc3 g6 4. g3 Bg7 5. Bg2 Nf6 6. Nge2 O-O 7. O-O Ne8 8. f4
d6 9. d3 Nc7 10. f5 Rb8 11. g4 b5 12. g5 bxc4 13. dxc4 Nd4 14. Nxd4 cxd4 15.
Ne2 Ba6 16. Nxd4 Bxc4 17. f6 exf6 18. Nc6 Qe8 19. Nxb8 Bxf1 20. Qxf1 Qxb8 21.
gxf6 Bh8 22. Qf2 Re8 23. Be3 Re6 24. Bxa7 Qd8 25. Bb6 Qb8 26. Rc1 Ne8 27. Bh3
Rxf6 28. Qe3 Rf3 29. Qxf3 Qxb6+ 30. Kh1 Qb5 31. b3 Bd4 32. Rf1 Nf6 33. a4 Qb4
34. Qd3 Be5 35. Bg2 Qc5 36. Bf3 h5 37. Qc4 Qe3 38. a5 Qd2 39. Qe2 Qxa5 40. Qc2
Qb6 41. Be2 Qe3 42. Bc4 g5 43. Qd3 Qb6 44. Qh3 g4 45. Qd3 h4 46. Qd2 Qd4 47.
Qxd4 Bxd4 48. h3 gxh3 49. Kh2 Kf8 50. Kxh3 Ke7 51. Bd5 Kd7 52. Kxh4 Nxd5 53.
exd5 Kc7 54. Rc1+ Kb7 55. Rc6 Be5 56. Kg4 Kb8 57. Kf5 Kb7 58. b4 Kb8 59. b5 Kb7
60. Ra6 Kb8 61. b6 Kb7 62. Ra7+ Kxb6 63. Rxf7 Kc5 64. Ke6 Bg3 65. Rc7+ Kb6 66.
Rc6+ Kb7 67. Rxd6 Kc7 68. Rc6+ Kd8 69. d6 Bf2 70. d7 1-0

[Event "Int. Championship of Central Serbia - OP"]
[Site "Paracin"]
[Date "2011.07.14"]
[Round "8.42"]
[White "Jeremic, Milan"]
[Black "Perunovic, Ljubivoje"]
[Result "1-0"]
[WhiteElo "2172"]
[BlackElo "2006"]
[PlyCount "63"]
[EventDate "2011.07.08"]

1. d4 c5 2. e3 Nf6 3. g3 g6 4. Bg2 Bg7 5. Nf3 O-O 6. O-O d5 7. b3 cxd4 8. exd4
Nc6 9. Bb2 Ne4 10. Nbd2 Nd6 11. h3 Nf5 12. c3 e6 13. Re1 b5 14. Rc1 Qb6 15. g4
Nd6 16. Ne5 Nxe5 17. dxe5 Nb7 18. Nf3 a5 19. c4 bxc4 20. Bd4 Qa6 21. bxc4 dxc4
22. Rb1 a4 23. Rb6 Qa5 24. Qb1 Rd8 25. Rb5 Qa6 26. Rd1 Rd5 27. Rb6 Qa5 28. Ng5
h6 29. Bxd5 exd5 30. Nxf7 Ra6 31. Qxg6 Kf8 32. Rxa6 1-0

[Event "Int. Championship of Central Serbia - OP"]
[Site "Paracin"]
[Date "2011.07.14"]
[Round "8.43"]
[White "Ivanovic, Andrej"]
[Black "Petrovic, Marija"]
[Result "1/2-1/2"]
[WhiteElo "2001"]
[BlackElo "2169"]
[PlyCount "161"]
[EventDate "2011.07.08"]

1. d4 d5 2. c4 c6 3. cxd5 cxd5 4. Nc3 Nf6 5. Bf4 a6 6. e3 e6 7. Bd3 Nc6 8. Rc1
h6 9. Nf3 Bd6 10. Bxd6 Qxd6 11. O-O O-O 12. a3 b5 13. Bb1 Bb7 14. b4 Nd7 15. e4
dxe4 16. Nxe4 Qe7 17. Re1 Nf6 18. Qd3 g6 19. Nc5 Nd8 20. Ne5 Bd5 21. Re3 Nh5
22. g3 Nf6 23. g4 Nh7 24. Ncd7 Nb7 25. Nxf8 Nxf8 26. Rh3 Kg7 27. Qe3 g5 28. f4
Nd6 29. fxg5 Qxg5 30. Qxg5+ hxg5 31. Rc7 a5 32. bxa5 Rxa5 33. Nc6 Ra8 34. Nb4
Be4 35. Bxe4 Nxe4 36. Rf3 Nf6 37. h3 Ng6 38. Nc6 Rf8 39. Ne5 Nf4 40. Kf1 Ne4
41. Ke1 Kg8 42. Rb3 Nd5 43. Rc6 Ra8 44. Nf3 Ra4 45. Nd2 Rxd4 46. Nxe4 Rxe4+ 47.
Kd2 Ra4 48. Rc5 Rd4+ 49. Ke2 b4 50. axb4 Nxb4 51. Ke3 e5 52. Rxe5 Nc2+ 53. Ke2
Rd7 54. Rb8+ Kg7 55. Rxg5+ Kf6 56. Rf5+ Ke7 57. Rf4 Nd4+ 58. Kf2 Ne6 59. Rfb4
Kf6 60. Rb3 Kg7 61. R8b4 Nc5 62. Kg3 Nxb3 63. Rxb3 Rd1 64. Kh4 Rd5 65. Rb6 Rd3
66. g5 Rd4+ 67. Kh5 Rd1 68. h4 Rg1 69. Rf6 Rg2 70. Rf4 Rg1 71. Ra4 Rg2 72. Ra7
Rg1 73. Ra2 Rg3 74. Ra4 Rg1 75. Rg4 Ra1 76. Rg3 Ra4 77. Rg2 Rb4 78. Ra2 Rc4 79.
Ra5 Rf4 80. Ra7 Rb4 81. Ra6 1/2-1/2

[Event "Int. Championship of Central Serbia - OP"]
[Site "Paracin"]
[Date "2011.07.14"]
[Round "8.44"]
[White "Kolbert, Engelbert"]
[Black "Radovanovic, Nikola"]
[Result "0-1"]
[WhiteElo "2161"]
[BlackElo "2096"]
[PlyCount "72"]
[EventDate "2011.07.08"]

1. Nf3 Nf6 2. d4 g6 3. c4 Bg7 4. g3 O-O 5. Bg2 d6 6. Nc3 Nbd7 7. e4 e5 8. d5
Nc5 9. Qc2 a5 10. O-O Nh5 11. Be3 b6 12. h3 f5 13. Nd2 Na6 14. exf5 gxf5 15.
Qd1 Qe8 16. Bf3 Nf6 17. Bg2 Nh5 18. Bf3 Nf6 19. Bg2 Nb4 20. Nb5 Qf7 21. Nf3 Qd7
22. a3 Nbxd5 23. Nxe5 dxe5 24. Bxd5+ Nxd5 25. Qxd5+ Qxd5 26. cxd5 f4 27. Nxc7
Rb8 28. gxf4 exf4 29. Bc1 Bxh3 30. Re1 Rf5 31. Kh2 Bg4 32. Kg2 Bf8 33. f3 Bh5
34. Kh3 Bxf3 35. Kh2 Rh5+ 36. Kg1 Bc5+ 0-1

[Event "Int. Championship of Central Serbia - OP"]
[Site "Paracin"]
[Date "2011.07.14"]
[Round "8.45"]
[White "Osmanovic, Faruk"]
[Black "Draskovic, Luka"]
[Result "1/2-1/2"]
[WhiteElo "2053"]
[BlackElo "2135"]
[PlyCount "92"]
[EventDate "2011.07.08"]

1. e4 c5 2. Nf3 d6 3. d4 cxd4 4. Nxd4 Nf6 5. Nc3 g6 6. Be2 Bg7 7. O-O O-O 8.
Be3 Nc6 9. Qd2 Bd7 10. f3 Nxd4 11. Bxd4 Bc6 12. Rad1 Nd7 13. Kh1 Bxd4 14. Qxd4
Qb6 15. Nd5 Bxd5 16. exd5 Qxd4 17. Rxd4 Rfc8 18. c4 Rc7 19. Kg1 Rac8 20. b3 b5
21. cxb5 Rc2 22. Re1 Rxa2 23. Ra4 Rcc2 24. Bf1 Rxa4 25. bxa4 Kf8 26. Ra1 Ke8
27. a5 Kd8 28. b6 Kc8 29. Ba6+ Kb8 30. Bb5 Nc5 31. bxa7+ Kxa7 32. Be8 e5 33.
Bxf7 Rb2 34. h4 Nd3 35. g3 Nc5 36. Ra3 Nb3 37. Bg8 h6 38. Bh7 g5 39. hxg5 hxg5
40. Be4 Nc5 41. Bf5 Rd2 42. Be6 Ka6 43. Bc8+ Ka7 44. Be6 Ka6 45. Bc8+ Ka7 46.
Be6 Ka6 1/2-1/2

[Event "Int. Championship of Central Serbia - OP"]
[Site "Paracin"]
[Date "2011.07.14"]
[Round "8.46"]
[White "Markovic, Sasa"]
[Black "Uyanik, Mehmet"]
[Result "1/2-1/2"]
[WhiteElo "2198"]
[BlackElo "1719"]
[PlyCount "108"]
[EventDate "2011.07.08"]

1. c4 Nf6 2. Nc3 d5 3. d4 e6 4. e3 c6 5. Qc2 b6 6. Nf3 Nbd7 7. b3 Bb4 8. Nd2
O-O 9. a3 Bd6 10. cxd5 cxd5 11. Be2 Bb7 12. f4 Rc8 13. O-O Ne4 14. Ndxe4 dxe4
15. Qb2 a6 16. Bd2 b5 17. Nd1 Qe7 18. Nf2 f5 19. a4 b4 20. a5 Nf6 21. Kh1 Nd5
22. Bc4 g5 23. fxg5 Qxg5 24. Nh3 Qh6 25. Bxd5 Bxd5 26. Nf4 Rf7 27. Rac1 Rxc1
28. Rxc1 Bb7 29. Kg1 Rg7 30. g3 Bxf4 31. exf4 Qh5 32. Be3 Qf3 33. Qf2 Qxf2+ 34.
Kxf2 Bd5 35. Rc8+ Kf7 36. Rc7+ Kf6 37. Rxg7 Kxg7 38. Bd2 Bxb3 39. Bxb4 Kf7 40.
Ke3 Ke8 41. g4 Kf7 42. g5 Ke8 43. Kd2 Kf7 44. Ke3 Kg6 45. Kf2 Kh5 46. Kg3 Bd5
47. Bd2 Bc4 48. Be3 Be2 49. Bf2 Kg6 50. Be3 Kf7 51. Kf2 Bf3 52. Ke1 Ke7 53. Kd2
Kd6 54. Kc3 Kd5 1/2-1/2

[Event "Int. Championship of Central Serbia - OP"]
[Site "Paracin"]
[Date "2011.07.14"]
[Round "8.47"]
[White "Colovic, Zoran"]
[Black "Prijovic, Bojan"]
[Result "1-0"]
[WhiteElo "2154"]
[BlackElo "1957"]
[PlyCount "41"]
[EventDate "2011.07.08"]

1. e4 d5 2. e5 c5 3. c3 e6 4. d4 Qb6 5. Nf3 Nc6 6. Be2 Bd7 7. O-O cxd4 8. cxd4
Nge7 9. b3 Nf5 10. Bb2 Be7 11. Kh1 a6 12. Nc3 h5 13. Rc1 g5 14. Na4 Qa7 15. Nc5
g4 16. Ne1 Nfxd4 17. Bxd4 Nxd4 18. Qxd4 Rc8 19. Ned3 Bb5 20. Nxe6 Qxd4 21. Nxd4
1-0

[Event "Int. Championship of Central Serbia - OP"]
[Site "Paracin"]
[Date "2011.07.14"]
[Round "8.49"]
[White "Kalinic, Dusan"]
[Black "Bolt, Graham"]
[Result "1/2-1/2"]
[WhiteElo "2009"]
[BlackElo "2074"]
[PlyCount "84"]
[EventDate "2011.07.08"]

1. e4 g6 2. d4 Bg7 3. c3 d6 4. Be3 Nf6 5. Nd2 Ng4 6. Bg5 h6 7. Bh4 O-O 8. Bd3
c5 9. h3 Nf6 10. Ngf3 cxd4 11. cxd4 Nh5 12. O-O Nc6 13. Nb3 a5 14. a4 Nb4 15.
Bb5 Bd7 16. Bxd7 Qxd7 17. Qd2 b6 18. d5 Rac8 19. Nbd4 Rc7 20. g4 Nf6 21. Bxf6
exf6 22. b3 Rfc8 23. Rac1 h5 24. Rxc7 Rxc7 25. Qf4 Rc3 26. Kg2 hxg4 27. Qxg4
Qxg4+ 28. hxg4 f5 29. gxf5 Bxd4 30. Nxd4 Rd3 31. Nb5 gxf5 32. f3 Nc2 33. Rb1
fxe4 34. fxe4 f5 35. Nxd6 fxe4 36. Nxe4 Ne3+ 37. Kf3 Nxd5+ 38. Kg4 Kf8 39. Kf5
Ke7 40. Rh1 Kd7 41. Rh7+ Kc6 42. Rh6+ Kc7 1/2-1/2

[Event "Int. Championship of Central Serbia - OP"]
[Site "Paracin"]
[Date "2011.07.14"]
[Round "8.50"]
[White "Tonic, Milos"]
[Black "Zarkovic, Mila"]
[Result "0-1"]
[WhiteElo "2151"]
[BlackElo "2015"]
[PlyCount "96"]
[EventDate "2011.07.08"]

1. c4 c5 2. Nc3 Nc6 3. Nf3 Nf6 4. g3 e6 5. Bg2 Be7 6. O-O O-O 7. d4 cxd4 8.
Nxd4 a6 9. Bf4 Nxd4 10. Qxd4 d6 11. Qd3 Qc7 12. Rfd1 e5 13. Bg5 Be6 14. b3 Rfd8
15. Rac1 Rac8 16. e4 h6 17. Be3 Qa5 18. Na4 Nd7 19. Nc3 Nc5 20. Qb1 Nd7 21. Nd5
Bxd5 22. exd5 b5 23. cxb5 Qxb5 24. Rxc8 Rxc8 25. Rc1 Rxc1+ 26. Qxc1 Nc5 27. Bf1
Qb7 28. Qc4 a5 29. Be2 Qb6 30. Bd1 Bg5 31. f4 exf4 32. gxf4 Bf6 33. a3 Qa7 34.
Bc2 Qe7 35. Bf2 Nd7 36. b4 axb4 37. axb4 Bh4 38. f5 Qg5+ 39. Kf1 Bxf2 40. Kxf2
Ne5 41. Qe4 Qd2+ 42. Kg1 h5 43. h3 Qc3 44. h4 Ng4 45. Qe2 Qg3+ 46. Qg2 Qe1+ 47.
Qf1 Qxf1+ 48. Kxf1 Ne3+ 0-1